Songs In HIT ME HARD AND SOFT In Alphabetical Order - Statistics

General Stats
  • This quiz has been taken 31 times
  • The average score is 8 of 10
Answer Stats
Songs % Correct
BIRDS OF A FEATHER
89%
BITTERSUITE
89%
BLUE
89%
CHIHIRO
84%
LUNCH
84%
SKINNY
74%
THE GREATEST
74%
WILDFLOWER
74%
L'AMOUR DE MA VIE
68%
THE DINER
68%
No matching quizzes found
Score Distribution
Percent of People with Each Score
Percentile by Number Answered
Your Score History
You have not taken this quiz